Generally known as the blue and brown books

Gardado en:
Detalles Bibliográficos
Autor Principal: Wittgenstein, Ludwig (Author)
Formato: Libro
Idioma:inglés
Publicado: Nueva York Harper Torchbooks 1958
Series:Preliminary Studies for the Philosophical Investigations
Subjects:
Tags: Engadir etiqueta
Sen Etiquetas, Sexa o primeiro en etiquetar este rexistro!

MARC

LEADER 00000nam a2200000 a 4500
001 UCZ3008
003 CL-VaPUC
008 951013e19580000US |||||||||||||||||eng|d
082 0 4 |a 149.94  |b WIT  |2 21 
100 0 |a Wittgenstein, Ludwig  |e author  |9 257080 
245 1 0 |a Generally known as the blue and brown books 
300 |a 185 p 
942 |c BK 
945 |d 19951013 00:00:00  |a cmena 
260 |a Nueva York  |b Harper Torchbooks  |c 1958 
650 0 |a Filosofía del lenguaje  |9 257082 
650 0 |a Filosofía austriaca   |9 267034 
650 0 |a Lingüística  |9 265068 
650 7 |a TEORIA LINGUISTICA  |2 CL-VaPUC  |9 334835 
583 |a last modification  |c 19951013 00:00:00  |k Rodrigo Vera 
490 0 |a Preliminary Studies for the Philosophical Investigations 
999 |c 239539  |d 239537 
952 |0 0  |1 0  |4 0  |6 149_940000000000000_WIT_1958  |7 0  |8 P  |9 250771  |a BIBEDU  |b BIBEDU  |c BIBEDU_PB  |d 2019-11-18  |i 1582569  |l 1  |m 1  |o 149.94 WIT 1958  |p 1582569  |r 2024-01-25  |s 2020-03-04  |w 2019-11-18  |y BK  |k FIL 
952 |0 0  |1 0  |4 0  |6 149_940000000000000_WIT_1958  |7 0  |8 A  |9 250772  |a BIBART  |b BIBART  |d 2019-11-18  |i 120517K  |o 149.94 WIT 1958  |p 120517K  |r 2025-03-13  |w 2019-11-18  |y BK  |k ART